00451nam a2200169 4500003001100000005001700011008004100028040003900069041000800108082001700116100001500133245001400148260004400162650003100206650002800237650001600265LK-CoMWRAF20230905003233.0230905b1950 |||||||| |||| 00| 0 eng d aLK-CoMWRAFdLK-CoMWRAFeLK-CoMWRAF aeng a944.033bOGG aOgg, David aLouis xiv aLondon :bOxford University pressc1950 aFrance - Kings and rulers  aHistory - 17th century  aBiographies